| 000 | 01148nam a2200325 a 4500 | ||
|---|---|---|---|
| 001 | 000028563 | ||
| 003 | DO-SdBPM | ||
| 005 | 20251128130226.0 | ||
| 007 | ta | ||
| 008 | 110411s2021 dr a 000 f spa d | ||
| 020 | _a9789945100150 | ||
| 040 |
_aDO-SdBPM _bspa _cBPMSU _erda |
||
| 082 | 4 |
_aRD863.44 _bS787u, 2021 _222 |
|
| 100 | 1 |
_aStanley, Avelino, _d1959- _4aut. _eautor |
|
| 245 | 1 | 0 |
_aUna ballena varada en Samaná : _bnovela infantil juvenil / _cAvelino Stanley ; ilustraciones Billi Jackson. |
| 246 | 1 | 3 | _aUna ballena varada en Samaná |
| 264 |
_aSanto Domingo : _bCocolo Editorial, _c2021 |
||
| 300 |
_a190 páginas : _bilustraciones ; _c23 cm. |
||
| 336 |
_atexto _btxt _2rdacontent |
||
| 337 |
_asin mediación _bn _2rdamedia |
||
| 338 |
_avolumen _bnc _2rdacarrier |
||
| 590 | _aInventariado, 2025/VM | ||
| 650 | 7 | _aNovela juvenil dominicana | |
| 650 | 7 |
_aViajes _vNovela juvenil |
|
| 650 | 7 | _aLiteratura juvenil dominicana | |
| 650 | 7 |
_a Ciudades y pueblos _zBarahona (República Dominicana) _vNovela |
|
| 700 | 1 |
_aJackson, Billi _eilustraciones |
|
| 910 | _aVMateo V. Control de calidad BPMSU | ||
| 942 |
_2ddc _cBK |
||
| 999 |
_c15546 _d15546 |
||